| 000 | 00544nam a2200181 a 4500 | ||
|---|---|---|---|
| 005 | 20140310183549.0 | ||
| 008 | 110930s19uu xx 00 eng d | ||
| 020 | _a9780415804042 | ||
| 050 |
_aHD 30.2 _b.C635 2011 |
||
| 245 |
_aCommunication and organizational knowledge : _bcontemporary issues for theory and practice / |
||
| 260 |
_aNew York : _bRoutledge, _c2011. |
||
| 300 |
_a318 p. : _c24 cm. |
||
| 521 | _aMC | ||
| 650 | _aKnowledge management | ||
| 650 | _aCommunication in organization | ||
| 942 |
_cBK _2lcc _kFOR |
||
| 999 |
_c24918 _d24918 |
||